01765 a2200181 45000010006000000050017000060080041000230030015000640400040000790800046001192450047001652640037002123000022002495051260002710410008015311000024015397000020015633853820260407155648.0260407a1973 arg spa dAR-UNSa-BCEJYS aAR-UNSa-BCEJYSbspacAR-UNSa-BCEJYS a658.8.012.12xInvestigación de mercados10aMercadotecniapintroducción y principios 1aMéxico :bInteramericanac1973 ax, 488 p.c24 cm. aParte I: Antecedentes para el estudio de la mercadotecnia : 1 ¿Que es la mercdotecnia? - 2. La mercdotecnia: ¿ Un esterotipo ? - 3. Fundamentos sociales y económicos de la mercadotecnia - Parte II: La mercadotecnia y la reglamentación formal: 4. Los mensajes egañosos y la sociedad - 5. La expansión de los negocios, la mercadotecnia y la sociedad - 6. La discriminación por los precios, la mercadotecnia y la sociedad - 7. Naturaleza de los patrones de consumo - 8. Determinantes del comportamiento de los consumidores - 9. Determinantes del comportamiento de los consumidores - 10. La oportunidad de hacer negocios y la estimación del mercado - 11. Investigación de mercado - 12. La competencia en la afluencia mixta - 13. Estrategia general de la mercadotecnia - 14. Los canales de mercadotecnia Por que se crean - 15. Canales de distribución: Tipos y componentes - 16. Teorias sobre el cambio en las instituciones - 17. Logistica y distribución física - 18. Los medios de difusión la publicidad y la sociedad - 19. Eficacia en la promoción - 20. Los productos y la sociedad - 21. Teorias sobre la fijación de precios - 22. El precio: percepciones y estructura - 23. Algunos problemas especiales de la fijación de precios. aspa1 aAgut Armer, Vicente1 aGist, Ronald R.